[Event "TCh-CZE Extraliga 2013-14"]
[Site "Turnov CZE"]
[Date "2013.11.02"]
[Round "1.2"]
[White "Tazbir,M"]
[Black "Cyborowski,L"]
[Result "1/2-1/2"]
[WhiteElo "2555"]
[BlackElo "2526"]

1.c4 e5 2.g3 g6 3.Bg2 Bg7 4.Nc3 d6 5.e3 Nf6 6.Nge2 O-O 7.O-O Nc6 8.d3 Be6
9.Nd5 Qd7 10.f4 Bg4 11.Qd2 Nxd5 12.cxd5 Ne7 13.Nc3 c6 14.dxc6 bxc6 15.fxe5  1/2-1/2

[Event "TCh-FIN SM 2013-14"]
[Site "Helsinki FIN"]
[Date "2013.11.03"]
[Round "6.6"]
[White "Koskinen,Hen"]
[Black "Prieur,Ee"]
[Result "1/2-1/2"]
[WhiteElo "2233"]
[BlackElo "2165"]

1.c4 e5 2.g3 Nc6 3.Bg2 f5 4.Nc3 Nf6 5.d3 Bc5 6.e3 f4 7.exf4 d6 8.Nge2 O-O
9.Be3 Nd4 10.O-O Qe8 11.fxe5 dxe5 12.Nb5 Bg4 13.Bxd4 Bxd4 14.Qd2 Bb6 15.Rae1 Qh5
16.b4 Bh3 17.c5 c6 18.Nd6 Bc7 19.Ne4 Nxe4 20.dxe4 Bxg2 21.Kxg2 Qf3+ 22.Kg1 Qxe4
23.Nf4 Qf5 24.Ng2 Rad8 25.Qe2 Rd4 26.a3 Qd3 27.Qa2+ Qc4 28.Qb1 Qd3 29.Qa2+ Qc4
30.Qb1 Rd2 31.Ne3 Qa2 32.Qxa2+ Rxa2 33.Nc4 b5 34.Nxe5 Bxe5 35.Rxe5 Rxa3 36.Rd1 Raf3
37.Rd2 R3f7 38.Re6 Rc7 39.Rdd6 Rfc8 40.Kf1 Kf7 41.f4 a5 42.bxa5 b4 43.Ke2 Ra7
44.Rxc6 Rxa5 45.Rxc8 Kxe6 46.c6 Ra2+ 47.Kf3 Rxh2 48.c7 Rc2 49.Rb8 Rxc7 50.Rxb4  1/2-1/2

[Event "3rd Panama Open"]
[Site "Panama City PAN"]
[Date "2013.11.03"]
[Round "5.21"]
[White "Oquendo,Eder"]
[Black "Pina Vega,S"]
[Result "0-1"]
[WhiteElo "1997"]
[BlackElo "2298"]

1.c4 e5 2.g3 Nf6 3.Bg2 d6 4.d3 g6 5.Nf3 Bg7 6.Nc3 Nc6 7.Rb1 a5 8.a3 O-O 9.b4 axb4
10.axb4 Rb8 11.O-O h6 12.b5 Ne7 13.Qa4 Be6 14.Ba3 Ne8 15.Rfc1 f5 16.Qb4 Rf7
17.c5 Nc8 18.e4 f4 19.d4 fxg3 20.dxe5 gxf2+ 21.Kf1 dxc5 22.Rd1 Qxd1+ 23.Rxd1 cxb4
24.Bxb4 Bc4+ 25.Kxf2 Nb6 26.Ke3 Be6 27.Nd4 Nc4+ 28.Ke2 Bg4+ 29.Bf3 Bxf3+
30.Nxf3 Nxe5 31.Nd4 c6 32.Ne6 Bf6 33.b6 Ng7 34.Bd6 Rc8 35.Nc5 Nc4 36.N3a4 Nxd6
37.Rxd6 Be5 38.Rxg6 Kh7 39.Rg2 Nh5 40.Ke1 Nf4 41.Rd2 Rg8 42.Rd7 Rgg7 43.Rxf7 Rxf7
44.Kd2 Kg6 45.Nc3 Bxc3+ 46.Kxc3 Kf6 47.Kd4  0-1

[Event "3rd Panama Open"]
[Site "Panama City PAN"]
[Date "2013.11.04"]
[Round "8.5"]
[White "Ipatov,Alexander"]
[Black "Escobar Forero,A"]
[Result "1-0"]
[WhiteElo "2625"]
[BlackElo "2455"]

1.c4 e5 2.g3 Nf6 3.Bg2 Be7 4.Nc3 O-O 5.Nf3 d6 6.d4 Nbd7 7.O-O c6 8.Qc2 Qc7
9.Rd1 a6 10.Be3 Re8 11.Rac1 Ng4 12.Bd2 Nf8 13.b4 Ng6 14.Be1 f5 15.dxe5 N6xe5
16.Nd4 Rf8 17.h3 Nh6 18.f4 Ng6 19.b5 Bd7 20.bxc6 bxc6 21.Bf2 Kh8 22.Qd3 Rab8
23.c5 d5 24.Bxd5 cxd5 25.Nxd5 Qc8 26.c6 Be6 27.Nxe7 Nxe7 28.Qe3 Bxa2 29.c7 Ra8
30.Qxe7 Bd5 31.Nc6 Bxc6 32.Rxc6 Ng8 33.Qd7 Qxd7 34.Rxd7 Nf6 35.Rd1 Kg8 36.Bb6 Rfe8
37.Rd8 Rc8 38.Rcd6  1-0

[Event "IX Chervonograd Cup A 2013"]
[Site "Chervonograd UKR"]
[Date "2013.11.11"]
[Round "1.5"]
[White "Anwesh,U"]
[Black "Zajarnyi,A"]
[Result "1-0"]
[WhiteElo "2348"]
[BlackElo "2285"]

1.c4 e5 2.g3 d6 3.Nc3 Be6 4.Bg2 c6 5.d3 Nd7 6.Nf3 h6 7.e4 g6 8.Be3 Bg7 9.h3 Ne7
10.b3 d5 11.d4 dxc4 12.O-O Qa5 13.d5 cxd5 14.Nxd5 Nxd5 15.exd5 Qxd5 16.Nd4 e4
17.bxc4 Qxc4 18.Rc1 Qxa2 19.Bxe4 Bxh3 20.Re1 O-O 21.Kh2 Be6 22.Bxb7 Ne5 23.Rc2 Qa4
24.Nxe6 fxe6 25.Bxa8 Rxa8 26.Bf4 Rf8 27.Bxe5 Bxe5 28.Qd3 Qh4+ 29.Kg2 Qf6
30.Qe4 Bd4 31.Qxe6+ Qxe6 32.Rxe6 Kg7 33.f3 Rf7 34.Rcc6 Bf6 35.g4 g5 36.Ra6 Kg6
37.Re4 h5 38.Rea4 hxg4 39.fxg4 Rb7 40.Rxa7 Rb2+ 41.Kf3 Rb3+ 42.Ke4 Rg3 43.Kd5 Rd3+
44.Kc5 Rf3 45.Re4 Rf4 46.Kd5 Rf1 47.Ke6 Rb1 48.Ra6 Rd1 49.Rd6 Ra1 50.Rd5 Ra6+
51.Kd7 Ra7+ 52.Kc6 Ra6+ 53.Kb5 Ra1 54.Rf5 Rb1+ 55.Kc5 Rc1+ 56.Rc4 Ra1 57.Kb6 Ra8
58.Rc6 Rb8+ 59.Ka7 Rf8 60.Rd5 Rf7+ 61.Kb6 Rf8 62.Kc7 Rf7+ 63.Rd7 Rf8 64.Kb7 Re8
65.Rc8 Re4 66.Rg8+ Kh6 67.Rd6 Kh7 68.Rc8 Kg6 69.Rcc6 Rf4 70.Kc8 Kf7 71.Kd7 Kg7
72.Ke8 Re4+ 73.Re6 Rf4 74.Rc7+ Kg6 75.Rf7 Rf1 76.Kf8 Rf4 77.Rg7+ Kh6 78.Kf7 Rf1
79.Rg6+  1-0

[Event "4th Brno Open 2013"]
[Site "Brno CZE"]
[Date "2013.11.18"]
[Round "4.10"]
[White "Simo,Marian"]
[Black "Semenova,El1"]
[Result "0-1"]
[WhiteElo "1873"]
[BlackElo "2177"]

1.c4 e5 2.g3 Nf6 3.Bg2 Nc6 4.Nc3 Bb4 5.Nd5 Bc5 6.e3 O-O 7.Ne2 Nxd5 8.cxd5 Ne7
9.O-O c6 10.d4 exd4 11.exd4 Bd6 12.Nc3 Bb4 13.Qb3 Bxc3 14.bxc3 Nxd5 15.Bxd5 cxd5
16.Ba3 d6 17.Qxd5 Bh3 18.Rfe1 Qc8 19.Bxd6 Re8 20.Rxe8+ Qxe8 21.Qxb7 Rc8 22.Bc5 Qe2
23.c4 Re8 24.Bb4 Qb2 25.Rd1 a5 26.Qb5 Qe2 27.Qxe8+ Qxe8 28.Re1 Qa8 29.f3 h6
30.Kf2 axb4 31.Re2 Bf5 32.Rd2 Bb1 33.Rb2 Qa3  0-1

[Event "Chennai GM Open 2013"]
[Site "Chennai IND"]
[Date "2013.11.19"]
[Round "6.6"]
[White "Papin,V"]
[Black "Vishnu,P"]
[Result "1/2-1/2"]
[WhiteElo "2510"]
[BlackElo "2505"]

1.c4 e5 2.g3 Nf6 3.Bg2 c6 4.d4 Bb4+ 5.Bd2 Bxd2+ 6.Qxd2 d6 7.Nc3 O-O 8.e3 Be6
9.b3 exd4 10.Qxd4 d5 11.cxd5 Nxd5 12.Nxd5 Bxd5 13.Bxd5 cxd5 14.Ne2 Nc6 15.Qd2 Qf6
16.O-O Rfd8 17.Rfd1 Rac8 18.Rac1 g6 19.Kg2 Qf5 20.Kg1 Qf6 21.Nd4 Nxd4 22.Qxd4 Qxd4
23.exd4 f6 24.Kg2 Kf7 25.Kf3 h5 26.Re1 b6  1/2-1/2

[Event "4th Brno Open 2013"]
[Site "Brno CZE"]
[Date "2013.11.21"]
[Round "7.9"]
[White "Golcman,E"]
[Black "Al Dhabbi,F"]
[Result "1/2-1/2"]
[WhiteElo "2209"]
[BlackElo "1939"]

1.c4 e5 2.g3 Nc6 3.Bg2 f5 4.Nc3 Nf6 5.d3 Bb4 6.Qb3 Nd4 7.Qd1 Bxc3+ 8.bxc3 Nc6
9.c5 O-O 10.Nf3 e4 11.Ng5 Qe7 12.dxe4 h6 13.Qb3+ Kh8 14.h4 Nxe4 15.Nxe4 fxe4
16.Qc4 Ne5 17.Qd5 Ng4 18.O-O Nf6 19.Qc4 Re8 20.Bf4 d5 21.cxd6 cxd6 22.Qb4 d5
23.Bd6 Qf7 24.Bc5 b6 25.Bd4 Ba6 26.Qb2 Bc4 27.a4 Nd7 28.a5 b5 29.Qd2 Kg8
30.f3 exf3 31.Rxf3 Qg6 32.Re1 Ne5 33.Re3 Nc6 34.Rxe8+ Rxe8 35.Bf2 Nxa5 36.Bxd5+ Kh8
37.Bf3 Nc6 38.Qd7 Ne5 39.Qxa7 Nxf3+ 40.exf3 Rxe1+ 41.Bxe1 Qd3 42.Qf2 Qe2
43.Qxe2 Bxe2 44.Kf2 Bd1 45.Bd2 h5 46.Ke3 g6 47.Kf4 Kg7 48.Be3 Kf7 49.Bd4 Kg8
50.g4 hxg4 51.fxg4 Kh7 52.Kg5 Bc2 53.Kf6 Bd1 54.h5 gxh5  1/2-1/2

[Event "4th Brno Open 2013"]
[Site "Brno CZE"]
[Date "2013.11.22"]
[Round "8.26"]
[White "Paulik,Martin"]
[Black "Bata,Jiri"]
[Result "1-0"]
[WhiteElo "1903"]
[BlackElo "1568"]

1.c4 e5 2.g3 Nf6 3.Bg2 d5 4.cxd5 Nxd5 5.Nc3 c6 6.Nf3 Nxc3 7.bxc3 Bd6 8.O-O O-O
9.Qc2 f5 10.d4 Nd7 11.e4 f4 12.gxf4 exf4 13.e5 Be7 14.Qe4 Bg5 15.d5 cxd5
16.Qxd5+ Kh8 17.e6 Be7 18.exd7 Qxd7 19.Ne5 Qe8 20.Qd4 Bg5 21.Ba3 Rf6 22.Rfe1 Be6
23.Ng4 Qf7 24.Nxf6 Bxf6 25.Qb4 f3 26.Bxf3 Bh3 27.Qxb7 Qg6+ 28.Kh1 Rd8 29.Be7 Rc8
30.Bxf6 Qxf6 31.Qxc8+  1-0

[Event "2nd Hyderabad GM Open 2013"]
[Site "Hyderabad IND"]
[Date "2013.11.25"]
[Round "2.12"]
[White "Papin,V"]
[Black "Deshpande,Ani"]
[Result "1/2-1/2"]
[WhiteElo "2510"]
[BlackElo "2291"]

1.c4 e5 2.g3 Nf6 3.Bg2 Nc6 4.Nc3 d6 5.Nf3 Be6 6.d4 exd4 7.Nxd4 Bd7 8.b3 g6
9.Bb2 Bg7 10.O-O O-O 11.Nd5 Re8 12.e3 a5 13.Rc1 a4 14.Ba1 axb3 15.axb3 Nxd4
16.Bxd4 Nxd5 17.cxd5 Bb5 18.Re1 Qd7 19.Bxg7 Kxg7 20.Re2 c5 21.dxc6 bxc6 22.h4 h5
23.Qd4+ Kg8 24.Rd1 Qf5 25.Red2 d5 26.Qc5 Reb8 27.Kh2 Qf6 28.e4 dxe4 29.Bxe4 Re8
30.Rd6 Re6 31.Bg2 Rae8 32.R1d2 Rxd6 33.Rxd6 Re6 34.Rd2 Kg7  1/2-1/2

[Event "Great Hopes GM 2013"]
[Site "Budapest HUN"]
[Date "2013.11.26"]
[Round "10.1"]
[White "Balog,I1"]
[Black "Varga,Zo"]
[Result "1/2-1/2"]
[WhiteElo "2539"]
[BlackElo "2441"]

1.c4 e5 2.g3 Nf6 3.Bg2 h6 4.Nc3 Bb4 5.Nf3 e4 6.Nd4 Bxc3 7.bxc3 O-O 8.O-O c5
9.Nc2 Nc6 10.Ne3 Re8 11.f3 exf3 12.Rxf3 Ne5 13.Rf1 d6 14.d3 Rb8 15.Nf5 d5
16.cxd5 Nxd5 17.Qb3 Be6 18.c4 Bxf5 19.cxd5 Qd7 20.Rf4 g5 21.Rf1 Bh3 22.Bb2 Bxg2
23.Kxg2 Ng4 24.e4 Ne3+ 25.Kg1 Nxf1 26.Qc3 f6 27.Qxf6 Kh7 28.Qxf1 Rf8 29.Qg2 Rbd8
30.Rf1 Kg6 31.h3 h5 32.Bc1 Qd6 33.Re1 Rde8 34.Be3 Qe5 35.Bxc5 Qc3 36.Bf2 Qxd3
37.Re3 Qd1+ 38.Re1 Qd3 39.Re3 Qd2 40.g4 h4 41.e5 Rf4 42.e6 b6 43.Re5 Qc3
44.Re4 Qc1+ 45.Re1 Qd2 46.Re5 Qc3 47.Re4 Qc1+ 48.Re1  1/2-1/2

[Event "5th Pilsen Open 2013"]
[Site "Plzen CZE"]
[Date "2013.11.27"]
[Round "4"]
[White "Golcman,E"]
[Black "Sargsjan,K"]
[Result "1-0"]
[WhiteElo "2209"]
[BlackElo "1962"]

1.c4 e5 2.g3 Nc6 3.Bg2 Nf6 4.Nf3 Be7 5.Nc3 d6 6.O-O Bg4 7.h3 Be6 8.d4 exd4
9.Nxd4 Nxd4 10.Qxd4 O-O 11.Bf4 Nh5 12.Bd2 f5 13.Bxb7 Kh8 14.Bxa8 Qxa8 15.Qe3 Qc8
16.Nd5 Bd8 17.Qf3 Nf6 18.b3 Ne4 19.Rad1 c6 20.Nf4 Bd7 21.h4 Be7 22.Bc3 Qd8
23.Bb2 Qa5 24.Nh5 Rf7 25.Qe3 Kg8 26.a3 Qd8 27.f3 Nxg3 28.Nxg3 f4 29.Qe4 fxg3
30.Kg2 Qc8 31.Rh1 Bf5 32.Qd4 Qe6 33.e4 Bg6 34.h5 Bxe4 35.Qxe4 Qxe4 36.fxe4 Rf2+
37.Kxg3 Rxb2 38.Rb1 Ra2 39.a4 Bf6 40.Rbd1 Rc2 41.Rc1 Rb2 42.Rb1 Rc2 43.Rhc1 Be5+
44.Kf3 Rh2 45.c5 Rxh5 46.cxd6 Bxd6 47.Rxc6 Bf8 48.b4 a5 49.b5  1-0

[Event "5th Pilsen Open 2013"]
[Site "Plzen CZE"]
[Date "2013.11.29"]
[Round "6"]
[White "Golcman,E"]
[Black "Abdumalik,Z"]
[Result "0-1"]
[WhiteElo "2209"]
[BlackElo "2311"]

1.c4 e5 2.g3 Nf6 3.Bg2 d5 4.cxd5 Nxd5 5.Nf3 Nc6 6.O-O Nb6 7.d3 Be7 8.Nc3 O-O
9.Be3 Re8 10.Rc1 Bf8 11.Na4 Nd4 12.Nc5 a5 13.Nb3 Nxf3+ 14.Bxf3 c6 15.Bg2 Be6
16.a3 Nd5 17.Bc5 a4 18.Bxf8 Ne3 19.fxe3 Bxb3 20.Qd2 Rxf8 21.Rc5 Re8 22.Qc3 Qd6
23.Rf5 f6 24.Qb4 Rad8 25.Rf1 Re7 26.Rfc1 Rf8 27.Ra5 Qd8 28.Ra8 Qxa8 29.Qxe7 Qc8
30.Bf3 Re8 31.Qb4 Qd7 32.Rc5 Re7 33.Ra5 g6 34.Ra7 Kf7 35.d4 Qc7 36.Be4 f5
37.Bd3 exd4 38.Bc4+ Kg7 39.exd4 Bxc4 40.Qxc4 Qd6 41.Ra8 f4 42.Qg8+ Kh6 43.Qf8+ Kh5
44.Rxa4 b5 45.Rb4 c5 46.g4+ Kg5 47.Qxe7+ Qxe7 48.Rxb5 Qxe2 49.Rxc5+ Kxg4  0-1

[Event "2nd Hyderabad GM Open 2013"]
[Site "Hyderabad IND"]
[Date "2013.11.30"]
[Round "7.7"]
[White "Gagare,Shar"]
[Black "Lalith,B"]
[Result "0-1"]
[WhiteElo "2449"]
[BlackElo "2570"]

1.c4 e5 2.g3 h5 3.h4 Bc5 4.Nc3 Nf6 5.Bg2 Nc6 6.a3 a5 7.d3 d6 8.Bg5 Ne7 9.Bxf6 gxf6
10.Ne4 Ng6 11.Nxc5 dxc5 12.Qd2 Qd6 13.e3 c6 14.Ne2 Be6 15.Nc3 f5 16.O-O-O Rb8
17.d4 Bxc4 18.dxc5 Qxc5 19.Qd7+ Kf8 20.Qxf5 Be6 21.Qc2 Kg7 22.Na4 Qxc2+ 23.Kxc2 b6
24.Rd6 Ne7 25.Rhd1 Rhc8 26.e4 Ng8 27.f4 Bg4 28.R1d2 Rc7 29.f5 Nf6 30.Kc1 Ne8
31.Rd8 Rcb7 32.Rxb8 Rxb8 33.Rd7 Kf8 34.Kd2 c5 35.Ke3 c4 36.Rd5 Nc7 37.Rd7 b5
38.Nc5 Rc8 39.Nb7 Ne8 40.Nxa5 c3 41.bxc3 Rxc3+ 42.Rd3 Rc1 43.Nb3 Re1+ 44.Kf2 Re2+
45.Kg1 Ke7 46.Nd2 Nd6 47.Kf1 Nc4 48.Nxc4 bxc4 49.Rc3 Ra2 50.Bf3 Bxf3 51.Rxf3 Kd6
52.Rf2 Ra1+ 53.Kg2 Kc5 54.Rd2 c3 55.Rd7 Kb6 56.Rd6+ Kb5 57.a4+ Kc4 58.Rc6+ Kd3
59.g4 c2 60.Rxc2 Kxc2 61.gxh5 Kd3 62.Kf3 Rxa4 63.Kg4 f6 64.h6 Kxe4 65.h7 Ra8
66.Kh5 Kxf5 67.Kh6 e4  0-1

[Event "TCh-CZE Extraliga 2013-14"]
[Site "Pardubice CZE"]
[Date "2013.11.30"]
[Round "3.7"]
[White "Jirovsky,M"]
[Black "Hausner,I"]
[Result "1/2-1/2"]
[WhiteElo "2480"]
[BlackElo "2378"]

1.g3 e5 2.c4 c6 3.d4 exd4 4.Qxd4 Nf6 5.Bg2 d5 6.Nf3 dxc4 7.Qxc4 Be6 8.Qc2 Na6
9.a3 Nc5 10.Nbd2 a5 11.O-O Be7 12.Rd1 O-O 13.Ng5 Bd7 14.Nde4 Ncxe4 15.Nxe4 Nxe4
16.Bxe4 g6 17.h4 Bf6 18.h5 Qe7 19.Bf4 Rfe8 20.f3 Be5 21.hxg6 hxg6 22.Qd2 Bxf4
23.Qxf4 Be6 24.Rac1 Kg7 25.Rd2 Red8 26.Kf2 Qf6 27.Qxf6+ Kxf6 28.Rcd1 Rxd2
29.Rxd2 Ra6 30.b4 axb4 31.axb4 Ke5 32.Ke3 Ra3+ 33.Rd3 Rxd3+ 34.exd3 f5 35.d4+  1/2-1/2

[Event "TCh-BEL 2013-14"]
[Site "Belgium BEL"]
[Date "2013.12.01"]
[Round "5.1"]
[White "Eliet,N"]
[Black "Van Kampen,R"]
[Result "0-1"]
[WhiteElo "2407"]
[BlackElo "2606"]

1.c4 e5 2.g3 Nc6 3.Bg2 Bc5 4.Nc3 a6 5.e3 d6 6.Nge2 Nge7 7.a3 Ba7 8.b4 O-O
9.Bb2 Bf5 10.d3 Rb8 11.Qd2 Qd7 12.h3 h6 13.Rc1 Rfe8 14.Nd5 Nxd5 15.cxd5 Ne7
16.e4 Bg6 17.O-O c6 18.dxc6 Nxc6 19.Kh2 f6 20.f4 Rbd8 21.Rfe1 Bf7 22.d4 b5
23.d5 Ne7 24.f5 Nc8 25.Ng1 Nb6 26.Bf1 Rc8 27.Nf3 Na4 28.Ba1 Kh7 29.g4 Rxc1
30.Rxc1 Rc8 31.h4 Rxc1 32.Qxc1 Qb7 33.g5 Bh5 34.g6+ Kg8 35.Kg3 Kf8 36.Bc3 Nxc3
37.Qxc3 Ke7 38.Bd3 Kd8 39.Bc2 Qb6 40.Qd2 Kc7 41.a4 bxa4 42.Bxa4 Qe3 43.Qxe3 Bxe3
44.Nh2 Be2  0-1

[Event "XXVII Belgrade Trophy"]
[Site "Obrenovac SRB"]
[Date "2013.12.01"]
[Round "8.17"]
[White "Radosavljevic,SD"]
[Black "Lukovic,V"]
[Result "0-1"]
[WhiteElo "2226"]
[BlackElo "2400"]

1.g3 e5 2.c4 Nc6 3.Bg2 Bc5 4.Nc3 a6 5.Nf3 d6 6.O-O Nf6 7.d3 h6 8.a3 O-O 9.b4 Ba7
10.Bb2 Bg4 11.h3 Be6 12.Nd2 Ne7 13.Kh2 c6 14.Rc1 Ng6 15.Nb3 Qd7 16.e3 Rac8
17.Qe2 b5 18.Na5 Bb6 19.Rc2 h5 20.Rfc1 h4 21.Nd1 c5 22.Bc3 Nh7 23.Be1 Ng5
24.Qf1 hxg3+ 25.fxg3 f5 26.Rf2 cxb4 27.axb4 f4 28.gxf4 exf4 29.Rxf4 Bxe3
30.Nxe3 Rxf4 31.Qh1 Ne5 32.Nd5 Ngf3+ 33.Kg3 Qd8 34.h4 Rxh4 35.Bd2 Rxh1  0-1

[Event "ch-HUN w 2013"]
[Site "Heviz HUN"]
[Date "2013.12.05"]
[Round "3.1"]
[White "Varga,Kl"]
[Black "Varga,Me"]
[Result "0-1"]
[WhiteElo "2211"]
[BlackElo "2184"]

1.c4 e5 2.g3 Nf6 3.Bg2 d5 4.cxd5 Nxd5 5.Nc3 Nb6 6.Nf3 Nc6 7.O-O Be7 8.a3 O-O
9.b4 Be6 10.d3 a6 11.Bb2 Qc8 12.Re1 Rd8 13.Nd2 Nd4 14.Nce4 Bd5 15.e3 Nc6
16.Qc2 Kh8 17.Nc4 Qe6 18.Rac1 Nd7 19.Qe2 f5 20.Bh3 Qg6 21.Nc3 Be6 22.Bg2 Qf7
23.b5 axb5 24.Nxb5 Rdc8 25.Kh1 Bd5 26.e4 fxe4 27.Ne3 Be6 28.dxe4 Nb6 29.Red1 Bb3
30.Rd2 Bg5 31.f4 exf4 32.Rf1 Nc4 33.gxf4 Nxd2 34.Qxd2 Bxf4 35.Rxf4 Qxf4 36.Qc3 Qf7
37.Nf5 Rd8 38.h3 Rd1+ 39.Kh2 Rg8 40.Qg3 Qg6 41.Qf4 Be6 42.Nc3 Rd7 43.Ng3 Rf7
44.Qe3 Ne5 45.Bc1 Rgf8 46.Nce2 Nf3+ 47.Kh1 Nh4 48.Qd4 Rf2  0-1

[Event "9th Ugra Governor's Cup B"]
[Site "Khanty-Mansiysk RUS"]
[Date "2013.12.06"]
[Round "9"]
[White "Artamonov,V"]
[Black "Samartsev,A"]
[Result "1-0"]
[WhiteElo "2256"]
[BlackElo "2160"]

1.c4 e5 2.g3 Nc6 3.Bg2 Bc5 4.e3 d6 5.Ne2 Nge7 6.a3 a5 7.Nbc3 Bd7 8.b3 O-O
9.Bb2 Qc8 10.h3 f5 11.Nb5 e4 12.d4 exd3 13.Nf4 Ne5 14.Nd4 c6 15.Nxd3 Nxd3+
16.Qxd3 Ng6 17.Qc3 Rf7 18.Nf3 Qe8 19.O-O Bb6 20.h4 Bd8 21.Qc2 Bf6 22.Rad1 Bxb2
23.Qxb2 Rf6 24.Rd4 c5 25.Rd2 Bc6 26.Rfd1 Rd8 27.b4 cxb4 28.axb4 axb4 29.c5 Ba4
30.Ra1 Bc6 31.Rad1 Ba4 32.Rc1 Bc6 33.Qb3+ Kh8 34.cxd6 Rfxd6 35.Ng5 Ne5 36.Rxd6 Rxd6
37.Rc5 Ba4 38.Qxa4  1-0

[Event "6th Kolkata Open"]
[Site "Kolkata IND"]
[Date "2013.12.06"]
[Round "1.16"]
[White "Murshed,N"]
[Black "Dhulipala Bala Chandra Prasad"]
[Result "1-0"]
[WhiteElo "2465"]
[BlackElo "2213"]

1.c4 e5 2.g3 Nf6 3.Bg2 Nc6 4.Nc3 Bb4 5.d3 O-O 6.Bd2 Bxc3 7.Bxc3 d5 8.cxd5 Nxd5
9.Nf3 Re8 10.O-O b6 11.Rc1 Bb7 12.a3 Qe7 13.Qb3 Rad8 14.Rfe1 Rd7 15.Qa4 a6
16.Bxe5 b5 17.Qg4 Nxe5 18.Nxe5 Nf6 19.Qf4 Nd5 20.Qg4 Nf6 21.Qf5 g6 22.Qg5 Nd5
23.Qxe7 Rdxe7 24.Nc6 Bxc6 25.Rxc6 Nb6 26.Bf3 Rd8 27.Rec1 Rdd7 28.h4 h5 29.b3 Kg7
30.Kf1 Kf8 31.Bg2 Kg7 32.R1c3 a5 33.Rc1 f5 34.R1c5 b4 35.a4 Nc8 36.Rxa5 Nd6
37.Rac5  1-0

[Event "IV JAHV McGregor 2013"]
[Site "Bogota COL"]
[Date "2013.12.07"]
[Round "6.16"]
[White "Jimenez,JoseM"]
[Black "Torres,Jorge Emilio"]
[Result "1/2-1/2"]
[WhiteElo "2184"]
[BlackElo "1994"]

1.c4 e5 2.g3 g6 3.Bg2 Bg7 4.Nc3 Nc6 5.Nf3 d6 6.O-O Be6 7.d3 Qd7 8.Ng5 Nge7
9.Nxe6 fxe6 10.Bd2 Rb8 11.Qa4 a6 12.b4 Nd4 13.Qxd7+ Kxd7 14.a4 h5 15.e3 Ndf5
16.a5 c6 17.Ne4 Rhc8 18.Bc3 Nd5 19.Bd2 Nde7 20.Bc3  1/2-1/2

[Event "TCh-CZE Zapad 2013-14"]
[Site "Prague CZE"]
[Date "2013.12.08"]
[Round "4.3"]
[White "Cesal,J"]
[Black "Vojta,T"]
[Result "1/2-1/2"]
[WhiteElo "2246"]
[BlackElo "2345"]

1.c4 e5 2.g3 Nc6 3.Bg2 g6 4.Nc3 Bg7 5.Nf3 d6 6.O-O f5 7.d3 Nf6 8.Rb1 O-O
9.b4 h6 10.e4 fxe4 11.dxe4 Bg4 12.h3 Be6 13.Qd3 Qd7 14.Kh2 Rf7 15.Be3 g5
16.Ng1 Raf8 17.b5 Nd4 18.f4 gxf4 19.gxf4 Re7 20.f5 Bf7 21.Nge2 Nxe2 22.Qxe2 c6
23.Rfd1 Rc8 24.bxc6 Qxc6 25.Nd5 Bxd5 26.cxd5 Qa4 27.Rdc1 Rec7 28.Rxc7 Rxc7
29.Rc1 Rxc1  1/2-1/2

[Event "5th Penang Open 2013"]
[Site "George Town MAS"]
[Date "2013.12.13"]
[Round "9.39"]
[White "Limono,Handjojo"]
[Black "Lau,Xian Hui Rudolph"]
[Result "1/2-1/2"]
[WhiteElo "1851"]
[BlackElo "1688"]

1.c4 e5 2.g3 Bc5 3.Bg2 Nf6 4.Nf3 Nc6 5.O-O O-O 6.d3 h6 7.Nc3 a6 8.a3 d6 9.Qc2 Be6
10.b4 Ba7 11.Bb2 Qd7 12.Rac1 Ne7 13.Nd2 c6 14.a4 Bh3 15.Nce4 Nxe4 16.dxe4 Ng6
17.Nf3 h5 18.Rcd1 Bxg2 19.Kxg2 Qe7 20.Qd2 Rfd8 21.Qg5 Qxg5 22.Nxg5 h4 23.Rd3 hxg3
24.hxg3 b5 25.axb5 cxb5 26.cxb5 axb5 27.Rfd1 Bb8 28.Nf3 Ra4 29.Rb3 Rc8 30.Rd5 Rc2
31.Rxb5 Ba7 32.Ng1 Rc4 33.Kf3 Ne7 34.Rb7 Nc6 35.Bc3 Bd4 36.Bd2 Ra2 37.Be3 Bxe3
38.fxe3 Ra4 39.b5 Na5 40.Rb8+ Kh7 41.Rb1 Rxe4 42.Nh3 f6 43.Nf2 Reb4 44.Rxb4 Rxb4
45.Ne4 Nc4 46.Nc3 Kg6 47.Nd5 Rb3 48.Kf2 Kf7 49.Rb7+ Kg6 50.b6 f5 51.Re7 Nxb6
52.Rb7 Nxd5 53.Rxb3 Kf6 54.Rb8 e4 55.Rf8+ Ke6 56.Re8+ Kf6  1/2-1/2

[Event "25th Carlos Torre Open"]
[Site "Merida MEX"]
[Date "2013.12.13"]
[Round "1.6"]
[White "Alvarez Navarro,M"]
[Black "Gonzalez Zamora,J"]
[Result "0-1"]
[WhiteElo "2067"]
[BlackElo "2537"]

1.c4 e5 2.g3 Nc6 3.Bg2 f5 4.e3 Nf6 5.Nc3 g6 6.Nge2 Bg7 7.O-O O-O 8.d4 d6
9.Rb1 Kh8 10.b4 Qe8 11.Ba3 e4 12.b5 Ne7 13.c5 dxc5 14.Bxc5 Rf7 15.Qb3 b6
16.Ba3 Bb7 17.Nf4 g5 18.Ne6 Ned5 19.Nxg5 Rd7 20.Nh3 Ng4 21.Nxd5 Bxd5 22.Qc3 Qh5
23.Rb2 Bh6 24.Rc1 Re8 25.Re1 Rg7 26.Rc2 f4 27.exf4 e3 28.fxe3 Bxg2 29.Kxg2 Rg6
30.Bc1 Bg7 31.Rh1 Qd5+ 32.Kg1 Nxe3 33.Re2 Bxd4 34.Qxd4+ Qxd4 35.Bb2 Qxb2
36.Rxb2 Nd1 37.Rb1 Rd6 38.Nf2 Ne3 39.Re1 Rd2 40.h3 Rxa2 41.Rh2 Re7 42.Nd3 Ra3
43.Ne5 Nf5 44.Rg2 Kg7 45.Kh2 Rb3 46.g4 Nd4 47.Rf2 Rxb5 48.Rd1 Rd5 49.Kg2 c5
50.Rfd2 Kf6 51.Nc6 Re4 52.Nxa7 Rxf4 53.Rb2 c4 54.Rxb6+ Ke5 55.Nc8 c3 56.Ne7 Rc5
57.Rh6 c2 58.Re1+ Re4 59.Rh5+ Kd6 60.Rxe4 c1=Q 61.Rxd4+ Kxe7 62.Rxc5 Qxc5
63.Rf4 Ke6 64.Rf5 Qe3 65.Kh2 h5 66.Rxh5 Qf2+ 67.Kh1 Qg3 68.Rh6+ Kd5 69.Rh5+ Kc4
70.Rh8 Qe1+  0-1

[Event "SportAccord Blitz Women 2013"]
[Site "Beijing CHN"]
[Date "2013.12.15"]
[Round "14.7"]
[White "Zhao Xue"]
[Black "Dzagnidze,N"]
[Result "0-1"]
[WhiteElo "2568"]
[BlackElo "2557"]

1.c4 e5 2.g3 Nc6 3.Bg2 g6 4.Nc3 Bg7 5.e3 d6 6.Nge2 Nf6 7.O-O O-O 8.Rb1 Be6
9.d3 d5 10.cxd5 Nxd5 11.a3 Qd7 12.Ne4 Qe7 13.Qc2 Rad8 14.b4 a6 15.Bb2 Bc8
16.Rbc1 f5 17.Nc5 f4 18.exf4 exf4 19.Rfe1 Bxb2 20.Nxf4 Qg5 21.Bxd5+ Rxd5
22.Qxb2 Rxf4 23.Ne4 Rxe4 24.dxe4 Rd8 25.Rcd1 Re8 26.Rd5 Qg4 27.Qe2 Qxe2 28.Rxe2 Be6
29.Rdd2 Kf7 30.f3 Ne5 31.Kg2 Nc4 32.Rd3 b5 33.Kf2 Kf6 34.Re1 Ne5 35.Rc3 Bc4
36.Ke3 Rd8 37.h3 h5 38.f4 Nc6 39.Rec1 Nd4 40.Rxc4 bxc4 41.Rxc4 Ne6 42.g4 hxg4
43.hxg4 Rd1 44.g5+ Ke7 45.Rc6 Re1+ 46.Kd2 Rxe4 47.Rxa6 Rxf4 48.a4 Rxb4  0-1

[Event "TCh-BEL 2013-14"]
[Site "Belgium BEL"]
[Date "2013.12.15"]
[Round "6.4"]
[White "Lombaers,P"]
[Black "Tan,Mat"]
[Result "1/2-1/2"]
[WhiteElo "2258"]
[BlackElo "2438"]

1.c4 e5 2.g3 Nc6 3.Nc3 Bc5 4.Bg2 a6 5.e3 d6 6.Nge2 Ba7 7.d4 Nf6 8.O-O O-O
9.a3 Re8 10.b4 Bf5 11.Bb2 exd4 12.exd4 Qd7 13.Rc1 Bg4 14.Qd3 Bf5 15.Qd2 Ne4
16.Nxe4 Bxe4 17.f3 Bg6 18.Nf4 Ne7 19.h4 h6 20.Kh2 d5 21.Bh3 Qd6 22.c5 Qf6
23.a4 c6 24.Rce1 Rad8 25.Re5 Nf5 26.Rfe1 Rf8 27.Nh5 Bxh5 28.Rxf5 Qg6 29.g4 Bb8+
30.Kh1 Rde8 31.Re2 Qxf5 32.gxf5 Bxf3+ 33.Rg2 Bg3 34.Bc3 Re1+ 35.Qxe1 Bxe1
36.Bxe1 Re8 37.Bf2 Re2 38.Kg1 Bxg2 39.Bxg2 Ra2 40.a5 Ra1+ 41.Kh2 Rb1 42.f6 Rxb4
43.Bh3 gxf6 44.Bc8 h5 45.Bg3 Rxd4 46.Bxb7 Rc4 47.Bd6 d4 48.Kg2 d3 49.Kf2 Re4
50.Bxa6 d2 51.Be2 Rxh4 52.Ke3 Ra4 53.Kxd2 Rxa5 54.Bxh5 f5 55.Bf3 Ra6 56.Bc7 Ra8
57.Be5 Ra5 58.Bd6 Ra6 59.Bc7 Ra8 60.Bb6 Rc8 61.Ke3 Kg7 62.Kf4 Kf6 63.Bg2 Ke6
64.Bh3 Re8 65.Bxf5+ Kd5 66.Bb1 Kd4 67.Bf5 Re5 68.Bd7 Rxc5 69.Bxc6 Kc4 70.Bxc5  1/2-1/2

[Event "20th Zadar Open A 2013"]
[Site "Zadar CRO"]
[Date "2013.12.15"]
[Round "1.3"]
[White "Cebalo,M"]
[Black "Stevic,H"]
[Result "1/2-1/2"]
[WhiteElo "2403"]
[BlackElo "2611"]

1.c4 e5 2.g3 d6 3.Bg2 f5 4.Nc3 Nf6 5.d3 Be7 6.e4 c6 7.Nge2 O-O 8.O-O fxe4
9.dxe4 Be6 10.b3 a6 11.a4 a5 12.h3 Na6 13.Be3 Nd7 14.Nc1 Ndc5 15.Ra2 Bg5
16.f4 exf4 17.gxf4 Bf6 18.N3e2 Qe8 19.Ng3 Bh4 20.Rf3 Rd8 21.Re2 b5 22.cxb5 cxb5
23.Bd2 bxa4 24.bxa4 Nb4 25.Nf5 Bxf5 26.exf5 Qd7 27.Nb3 Qxa4 28.Bxb4 axb4
29.Qd5+ Kh8 30.Kh2 Nxb3 31.Rxb3 Bf6 32.Re6 Bc3 33.Rxd6 Rxd6 34.Qxd6 Qe8 35.Be4 Rf7
36.Rb1 h6 37.Qc6 Qxc6 38.Bxc6 Rxf5 39.Kg3 Bd2 40.Be4 Rf8 41.f5 Rb8 42.Ra1 b3
43.Ra8 Rxa8 44.Bxa8 b2 45.Be4 Kg8 46.Bb1 Kf7 47.Kf3 Kf6 48.Ke4 Kg5 49.Kf3 Ba5
50.Bc2 Bd8 51.Bb1 Kf6 52.Ke4 Ke7 53.Kd5 Kd7 54.Kc5 Be7+ 55.Kd5 Kc7 56.Ke6 Bf6
57.Kd5 Be7 58.Bc2 Kb6 59.Bd3 Bf6 60.Bb1 Kb5 61.Ke4 Kc4 62.Ke3 Bg5+ 63.Ke2 Kd4
64.Bc2 h5 65.Bb1 Ke5 66.Kf3 Bh6  1/2-1/2

[Event "Pavlodar Open 2013"]
[Site "Pavlodar KAZ"]
[Date "2013.12.18"]
[Round "9.1"]
[White "Kostenko,P"]
[Black "Jumabayev,R"]
[Result "1-0"]
[WhiteElo "2497"]
[BlackElo "2561"]

1.c4 e5 2.g3 Nf6 3.Bg2 c6 4.d4 Bb4+ 5.Bd2 Bxd2+ 6.Qxd2 d6 7.Nc3 O-O 8.e3 Re8
9.Nge2 e4 10.h3 d5 11.g4 h6 12.O-O Nbd7 13.cxd5 cxd5 14.f3 exf3 15.Rxf3 Nf8
16.Raf1 N8h7 17.R3f2 b6 18.Qd3 Bb7 19.Rf5 g6 20.Re5 Qd6 21.Nb5 Qd7 22.Nf4 g5
23.Ne2 Bc6 24.Nbc3 Qd6 25.Ng3 Rxe5 26.dxe5 Qxe5 27.Nf5 h5 28.gxh5 Re8 29.Rf2 g4
30.Nh6+ Kg7 31.Nxf7 Qxh5 32.Nd6 Re5 33.h4 Bd7 34.Qd4 Kg6 35.Ne2 g3 36.Nxg3  1-0